Statistics for Countries by Official Name

Click here to take the quiz!

General Stats

  • This quiz has been taken 26 times
  • The average score is 17 of 20

Answer Stats

Official NameCountry% Correct
United Mexican StatesMexico
100%
Republic of the Union of MyanmarMyanmar
100%
Republic of North MacedoniaNorth Macedonia
100%
United Kingdom of Great Britain and Northern IrelandUnited Kingdom
100%
Socialist Republic of Viet NamVietnam
100%
Swiss ConfederationSwitzerland
96%
Bolivarian Republic of VenezuelaVenezuela
96%
Democratic Republic of Timor-LesteEast Timor
91%
Lao People’s Democratic RepublicLaos
91%
Hashemite Kingdom of JordanJordan
83%
Oriental Republic of UruguayUruguay
83%
Czech RepublicCzechia
74%
Kyrgyz RepublicKyrgyzstan
74%
Gabonese RepublicGabon
70%
Democratic People’s Republic of KoreaNorth Korea
70%
Independent State of SamoaSamoa
70%
Islamic Republic of the GambiaThe Gambia
70%
Hellenic RepublicGreece
65%
Republic of Côte d’IvoireIvory Coast
65%
Republic of PalauPalau
65%

Score Distribution

Percentile by Number Answered

Percent of People with Each Score

Your Score History

You have not taken this quiz